| 000 | 00475cam a2200205 4500 | ||
|---|---|---|---|
| 001 | D9848 | ||
| 008 | 090401t1976 xxu||||| |||| 00| 0 eng d | ||
| 035 | _a(Sirsi) u22878 | ||
| 041 | _aeng | ||
| 050 | _a346.410435 | ||
| 100 | _aWilkinson, H. W. | ||
| 245 | _aPipes, mains, cables and sewers | ||
| 250 | _a3rd | ||
| 260 |
_aLondon _bOyez _c1976 |
||
| 300 | _ax. 134p. 22cm | ||
| 350 | _a4.5 | ||
| 490 |
_aOyez Practice Notes _v57 |
||
| 942 | _n0 | ||
| 948 | _c04/03/1997 | ||
| 999 |
_c88267 _d88267 |
||